|
|
|
|
| LEADER |
00983nam a2200253 a 4500 |
| 001 |
c000164878 |
| 003 |
CARM |
| 005 |
19830610000000.0 |
| 008 |
830614s1947 enka b 001 0 eng d |
| 019 |
1 |
|
|a 2653409
|z 3964322
|5 LACONCORD2021
|
| 035 |
|
|
|a (OCoLC)220240339
|5 LACONCORD2021
|
| 040 |
|
|
|a XNTU
|b eng
|c XNTU
|
| 082 |
0 |
4 |
|a 372.4
|2 19
|
| 100 |
1 |
|
|a Harris, Albert Josiah.
|
| 245 |
1 |
0 |
|a How to increase reading ability :
|b a guide to individualized and remedial methods /
|c by Albert J. Harris.
|
| 250 |
|
|
|a 2nd ed.
|
| 260 |
|
|
|a London :
|b Longmans, Green and Co.,
|c c1947.
|
| 300 |
|
|
|a xxi, 582 p. :
|b ill. ;
|c 21 cm.
|
| 504 |
|
|
|a Includes bibliographies and index.
|
| 650 |
|
0 |
|a Developmental reading.
|
| 650 |
|
0 |
|a Reading
|x Remedial teaching.
|
| 852 |
8 |
|
|b CARM
|h A2:AJ26C0
|i B05122
|p 0216083
|f BK
|
| 999 |
f |
f |
|i 20b35dcb-eb2e-5f27-881f-0c2851ddca82
|s 4c573a16-2b9c-58ef-b7b1-e0b49746c17a
|
| 952 |
f |
f |
|p Can circulate
|a CAVAL
|b CAVAL
|c CAVAL
|d CARM 1 Store
|e B05122
|f A2:AJ26C0
|h Other scheme
|i book
|m 0216083
|